Movies Quiz

Random Movies or Letter Quiz

Last 25 Years: 'F' Movies Quiz Stats

 Plays Quiz Updated Jan 2, 2019

Challenge
Share
Tweet
Score 0/25 Timer 08:00
2 Plays Today
% Correct
Frozen
98.4%
Finding Nemo
96.9%
Fantastic Four
93%
The Fast and the Furious
90.1%
Fight Club
87.6%
Forrest Gump
87.5%
The Fighter
79.5%
Flight
76.4%
Fantastic Mr. Fox
74.2%
Fargo
72.6%
Furious 7
71.7%
Friends with Benefits
70.5%
Forgetting Sarah Marshall
69.8%
% Correct
Fifty Shades Freed
69.5%
Ferdinand
68.9%
Frida
62.2%
Fear and Loathing in Las Vegas
60.7%
The Fifth Element
59.6%
Friday
53.1%
Foxcatcher
52.7%
Finding Forrester
41.6%
Fantastic Beasts and Where to Find Them
38.4%
Finding Neverland
33.9%
Flags of Our Fathers
16.4%
Fracture
13.1%

You're not logged in!

Compare scores with friends on all Sporcle quizzes.
OR
Log In

You Might Also Like...

Show Comments

Extras

Top Quizzes Today


Score Distribution

Your Account Isn't Verified!

In order to create a playlist on Sporcle, you need to verify the email address you used during registration. Go to your Sporcle Settings to finish the process.

Report this User

Report this user for behavior that violates our Community Guidelines.

Details: